Investors judgement of corporate overall performance: A study of selected Indian companies (Record no. 16070)
[ view plain ]
| 000 -LEADER | |
|---|---|
| fixed length control field | 00805nam a2200241Ia 4500 |
| 082 ## - DEWEY DECIMAL CLASSIFICATION NUMBER | |
| Classification number | TG.0311 |
| 100 ## - MAIN ENTRY--AUTHOR NAME | |
| Personal name | Garai, Subodh Chandra |
| 245 #0 - TITLE STATEMENT | |
| Title | Investors judgement of corporate overall performance: A study of selected Indian companies |
| 260 ## - PUBLICATION, DISTRIBUTION, ETC. (IMPRINT) | |
| Year of publication | 1993 |
| Name of publisher | University of Burdwan |
| 300 ## - PHYSICAL DESCRIPTION | |
| Number of Pages | 220p. + C D - 36 |
| 650 ## - SUBJECT ADDED ENTRY--TOPICAL TERM | |
| Topical Term | INVESTORS//CAPITALISTS AND FINANCIERS |
| 650 ## - SUBJECT ADDED ENTRY--TOPICAL TERM | |
| Topical Term | SHARE, MARKET//MARKET SHARE |
| 650 ## - SUBJECT ADDED ENTRY--TOPICAL TERM | |
| Topical Term | CAPITALISTS AND FINANCIERS |
| 650 ## - SUBJECT ADDED ENTRY--TOPICAL TERM | |
| Topical Term | STOCK PRICES//STOCKS - PRICES |
| 650 ## - SUBJECT ADDED ENTRY--TOPICAL TERM | |
| Topical Term | CORPORATIONS//COMPANIES AND CORPORATION |
| 650 ## - SUBJECT ADDED ENTRY--TOPICAL TERM | |
| Topical Term | MARKET SHARE |
| 650 ## - SUBJECT ADDED ENTRY--TOPICAL TERM | |
| Topical Term | CANONICAL ANALYSES |
| 650 ## - SUBJECT ADDED ENTRY--TOPICAL TERM | |
| Topical Term | STOCKS - PRICES - INDIA |
| 650 ## - SUBJECT ADDED ENTRY--TOPICAL TERM | |
| Topical Term | COMPANIES AND CORPORATIONS - INDIA |
| 650 ## - SUBJECT ADDED ENTRY--TOPICAL TERM | |
| Topical Term | INDUSTRY CONCENTRATION///MARKET SHAR |
| 710 ## - ADDED ENTRY--CORPORATE NAME | |
| Corporate name or jurisdiction name as entry element | Mallik, Amit |
| 942 ## - ADDED ENTRY ELEMENTS (KOHA) | |
| Koha item type | Thesis |
| Source of classification or shelving scheme | Dewey Decimal Classification |
| Withdrawn status | Lost status | Damaged status | Not for loan | Home library | Current library | Date acquired | Bill Date | Full call number | Accession Number | Price effective from | Koha item type |
|---|---|---|---|---|---|---|---|---|---|---|---|
| NASSDOC Library | NASSDOC Library | 08/10/2004 | 2008-12-30 | TG.0311 | 35638 | 18/04/2019 | Thesis |
